| 000 | 00594nam a22002055a 4500 | ||
|---|---|---|---|
| 001 | 10679 | ||
| 005 | 20150723045145.0 | ||
| 008 | 060717s2004 ag g 000 0 spa d | ||
| 020 | _a9875072818 | ||
| 020 | _a8495823675 | ||
| 082 | 1 | 4 |
_a342 _214 |
| 100 | 1 |
_aDromi, Roberto _93067 |
|
| 245 | 1 | 0 |
_aDerecho administrativo / _cRoberto Dromi. |
| 250 | _a10a ed. actualizada. | ||
| 260 |
_aBuenos Aires : _bCiudad Argentina, _c2004. |
||
| 300 |
_a1630 p. ; _c24 cm. |
||
| 650 | 1 | 0 |
_aDERECHO ADMINISTRATIVO _92244 |
| 942 |
_2ddc _cLIBRO |
||
| 990 | _aUniversidad Nacional del Centro - Biblioteca Central | ||
| 999 |
_c2762 _d2762 |
||